Top 10 - Buteurs en Ligue 1 saison 10/11 - Statistiques

Statistiques générales
  • Ce quiz a été pris 28 fois
  • Le résultat moyen est 4 sur 10
Statistiques - réponses
Club Buts Joueur % Correct
FC Lorient 22 Kevin Gameiro
88%
Olympique Lyonnais 17 Lisandro Lopez
79%
Paris Saint-Germain 14 Nenê
67%
Lille OSC 25 Moussa Sow
63%
Lille OSC 15 Gervinho
50%
Olympique de Marseille 16 Loic Rémy
38%
FC Sochaux 15 Brown Ideye
13%
Valenciennes FC 17 Grégory Pujol
13%
SM Caen 17 Youssef El Arabi
13%
FC Sochaux 14 Modibo Maiga
8%
Aucun quiz correspondant
Distribution des résultats
% des personnes avec chaque résultat
Percentile par nombre de réponses
Votre historique - résultats
Vous n’avez pas pris ce quiz